BAFTA de la meilleure actrice - Record - Statistiques

Statistiques générales
  • Ce quiz a été pris 14 fois
  • Le résultat moyen est 5 sur 15
Statistiques - réponses
ANSWER % Correct
Meryl Streep
92%
Audrey Hepburn
50%
Katharine Hepburn
50%
Cate Blanchett
42%
Rachel Roberts
42%
Judi Dench
33%
Kate Winslet
33%
Maggie Smith
33%
Emma Thompson
25%
Jane Fonda
25%
Shirley MacLaine
17%
Anne Bancroft
8%
Simone Signoret
8%
Leslie Caron
0%
Patricia Neal
0%
Aucun quiz correspondant
Distribution des résultats
% des personnes avec chaque résultat
Percentile par nombre de réponses
Votre historique - résultats
Vous n’avez pas pris ce quiz